000 00579nam a2200181Ia 4500
005 20260601193251.0
008 260601s9999||||xx |||||||||||||| ||und||
020 _a978-3-031-65990-4
_qebk
100 _aEmmanouel Garoufallou
245 0 _aMetadata and Semantic Research
250 _a2024
260 _aHeidelberg, Germany
_bSpringer Nature
_c2024
440 _aCommunications in Computer and Information Science
650 _aComputer Science
700 _aFabio Sartori
856 _uhttps://link.springer.com/openurl?genre=book&isbn=978-3-031-65990-4
942 _cEB
_2ddc
999 _c56720
_d56720